Tratado de responsabilidad médica : responsabilidad civil, penal y hospitalaria /
Guardado en:
| Otros Autores: | , , , , , |
|---|---|
| Formato: | Libro |
| Idioma: | Spanish |
| Publicado: |
Buenos Aires :
Legis,
2007
|
| Edición: | 1a. ed. |
| Materias: | |
| Etiquetas: |
Agregar Etiqueta
Sin Etiquetas, Sea el primero en etiquetar este registro!
|
| LEADER | 00749nam a22002175a 4500 | ||
|---|---|---|---|
| 001 | DER.der002062 | ||
| 008 | 180615s2007####ag#||||||||||||||#||spa|| | ||
| 005 | 20251215101502.0 | ||
| 245 | 1 | 0 | |a Tratado de responsabilidad médica : |b responsabilidad civil, penal y hospitalaria / |c dirigido por Marcelo J. López Mesa...[et. al.]. |
| 250 | |a 1a. ed. | ||
| 260 | |a Buenos Aires : |b Legis, |c 2007 | ||
| 300 | |a 822 p. | ||
| 020 | |a 9789871221233 | ||
| 700 | 1 | |a López Mesa, Marcelo J. |e director | |
| 700 | 1 | |a Bello Janeiro, Domingo. | |
| 700 | 1 | |a Carillo Fabela, Reyna. | |
| 700 | 1 | |a Cesano, José Daniel. | |
| 700 | 1 | |a Le Tourneau, Philippe. | |
| 700 | 1 | |a Santos Ballesteros, Jorge. | |
| 650 | 7 | |a DERECHO DE DAÑOS | |
| 859 | |a DERECHO |b BIB. DERECHO |h 346.033 |i TRA |p 005444 | ||
